Pokémon - Les attaques de Chartor - Statistiques

Statistiques générales
  • Ce quiz a été pris 20 fois
  • Le résultat moyen est 11 sur 18
Statistiques - réponses
Niveaux Types Noms des attaques % Correct
Départ Feu Flammèche
100%
Niveau 48 Feu Canicule
78%
Niveau 40 Feu Lance-Flammes
78%
Niveau 36 Acier Mur de Fer
78%
Niveau 32 Normal Plaquage
78%
Niveau 4 Eau Repli
78%
Niveau 16 Poison Bain de Smog
67%
Niveau 28 Feu Ébullilave
67%
Niveau 64 Feu Éruption
67%
Niveau 52 Psy Amnésie
56%
Niveau 12 Normal Brouillard
56%
Niveau 56 Feu Feu d'Enfer
56%
Niveau 44 Spectre Malédiction
56%
Départ Poison Purédpois
56%
Niveau 20 Feu Roue de Feu
56%
Niveau 24 Normal Abri
33%
Niveau 60 Normal Exuviation
33%
Niveau 8 Normal Tour Rapide
33%
Aucun quiz correspondant
Distribution des résultats
% des personnes avec chaque résultat
Percentile par nombre de réponses
Votre historique - résultats
Vous n’avez pas pris ce quiz